000 00542nam a22001697a 4500
999 _c16670
_d16670
003 AR-CdUCM
008 190504b ||||| |||| 00| 0 spa d
040 _aMUNICIPALIDAD PROVINCIAL DEL CUSCO
_cBIBLIOTECA MUNICIPAL DEL CUSCO
082 _a940.54 /
_bV86
100 _aVoronkov, Nikolái
_936243
245 _aLeningrado: 900 días de bloqueo /
260 _aMoscu :
_bNovosti,
_c1982.
300 _a78 páginas ;
_c17 cm.
505 _aCiudad orilla del Neva -- El bloqueo -- El camino de la vida...
942 _2ddc
_cLIBROS
945 _awfj